000 00702nam a2200241Ia 4500
003 OSt
005 20220918175057.0
006 a|||||r|||| 00| 0
007 ta
008 220917b |||||||| |||| 00| 0 eng d
024 _a15,589
037 _cTextual
040 _aARTS
_cARTS
_beng
041 _2eng
_aeng
082 _aNA44,8(Q:6),E70<-D985, L5
100 _aBalasubramanyam S R
_942054
245 0 _aMiddle Chola temples
_b Rajaraja I to Kulottunga I
260 _aFaradabad
_bThomas Press
_c1975
300 _axxxvi,410p. maps ,plates
_ccm.
650 _aARTS
942 _hNA44,8(Q:6),E70<-D985, L5
_cTEXL
_2CC
999 _c155987
_d155987